Suelo, subsuelo y vuelo: los previsibles desafíos ecopolíticos para la región amazónica colombiana /
Furkejuvvon:
| Váldodahkki: | |
|---|---|
| Materiálatiipa: | Texto |
| Fáddágilkorat: |
Lasit fáddágilkoriid
Eai fáddágilkorat, Lasit vuosttaš fáddágilkora!
|
MARC
| LEADER | 00000 a a2200000 04500 | ||
|---|---|---|---|
| 001 | 44756 | ||
| 003 | |||
| 040 | |||
| 100 | |a Palacio Castañeda, Germán | ||
| 245 | |a Suelo, subsuelo y vuelo: |b los previsibles desafíos ecopolíticos para la región amazónica colombiana / |c Germán Palacio Castañeda | ||
| 773 | |g páginas 113-112 : mapas | ||
| 999 | |c 25036 |d 25036 | ||
